| 000 | 00396cam a22001217a 4500 | ||
|---|---|---|---|
| 008 | 180718b1973 xxu||||| |||| 00| 0 eng d | ||
| 082 | _aK731x42 L971 | ||
| 100 | _aLumley, Roger | ||
| 245 |
_aWhite-Collar unionism in Britain: a survey of the present position _cby Roger Lumley |
||
| 260 |
_aLondon _bMethuen _c1973 |
||
| 300 | _a160p. | ||
| 650 | _aWhite collar workers --Labor unions --Great Britain | ||
| 999 |
_c347892 _d347892 |
||